Регионална библиотека "Любен Каравелов" - Русе

Единайсет минути (Запис номер 103448)

MARC детайли
000 -Лидер
Контролно поле с фиксирана дължина 01219nam a2200337 c 4500
003 - Код на организацията, давaща контролен номер
Контролно поле BLK
005 - Дата и час на последна редакция
Контролно поле 20231111115113.0
008 - Елементи от данни с фиксирана дължина
fixed length control field 180409b bul|||||r ||||||| ||bul||
010 ## - Наследен системен номер
LC control number KNG00108522000
020 ## - Международен стандартен номер на книга ISBN
Международен стандартен номер на книга ISBN 954-769-055-8
-- издат.: Обсидиан
040 ## - Източник на каталожния запис
Идентификатор на билиотеката - собственик на записа BLK
041 ## - Код за език
Код за езика на текст/звукозапис или на отделно заглавие Български
Код за езика КДБФ Български
080 ## - УДК
Текстов определител УДК Бразилска литература
УДК код - определител по УДК 821.134.3(81)
УДК определител -31
УДК - код + определител 821.134.3(81)-31
100 1# - Редна дума - Автор
Автор Коелю, Паулу
Авторска отговорност първи автор
R(LIN) 80439
139 ## - Редно поле
Редна дума Коелю, Паулу
Авторски знак Кодж - К 73
245 10 - Сведения за заглавието
Заглавие Единайсет минути
Подзаглавни данни Роман
Редно поле (дума) Паулу Коелю; прев. Даниела Петрова.
257 ## - Страна на издаване
Страна на създаване/издаване Бразилия
260 ## - Област на издателските данни
-- София
Име на издателя, разпространителя и проч. Обсидиан
Година на издаване 2003
Печатница София : Балканпрес
300 ## - Физическа характеристика
Страници 270 с.
Размери/Мащаб 20 см
380 ## - Жанр
Жанр Худож. лит.
490 1# - СЕРИИ (Колекции)
Име на серия Библиотека Паулу Коелю
500 ## - Общи забележки
Забележка Ориг. загл. Onze minutos / Paulo Coelho.
653 ## - Ключова дума – ненормативна
Ключова дума романи
700 1# - Други автори (авторска отговорност)
Лично име Петрова, Даниела
Автороска отговорност (Описва отношението между автора и произведението) прев.
9 (RLIN) 366318
852 ## - Местоположение
Форматна сигнатура Цб 216425
856 4# - Електронен адрес и достъп
Електронен формат pdf - файл
Път до файла /url/
856 4# - Електронен адрес и достъп
Електронен формат pdf - файл
Път до файла /url/
942 ## - АРТИКУЛИ
Вид на библиотечния материал Книги
Скрит в OPAC Не
Koha issues (borrowed), all copies 14
944 ## - СЪЗДАВАНЕ И РЕДАКЦИЯ на ЗАПИСА
Създаване/Редакция Създаване
Дата на регистрацията/редакция 23.10.2003
Статус, дата на статуса Минев Младен
Служител, извършил регистрацията/редакцията 30530
944 ## - СЪЗДАВАНЕ И РЕДАКЦИЯ на ЗАПИСА
Създаване/Редакция Редакция
Дата на регистрацията/редакция 27.03.2013
Статус, дата на статуса ф /
Служител, извършил регистрацията/редакцията
999 ## - СИСТЕМНИ КОНТРОЛНИ НОМЕРА
Koha biblionumber 103448
Koha biblioitemnumber 103448
Наличности
Код за отписване Код за изгубен артикул Източник на класификационната схема Код за повреда Коз за рестрикции Код за отдаване Артикулен № Име на библиотеката - собственик Име на библиотеката, в която се намира в момента Статус (Текущо местоположение) Дата на вписване в системата Местоположение - отдел Цена в лева Инвентарен номер Систематично азбучна сигнатура Баркод Номер на екземпляра Цена в евро Служебна бележка Служебен тип на артикула
Изтеглен Не е изгубен Universal Decimal Classification Не е повреден без рестрикции заемане за дома 166894 Регионална библиотека "Любен Каравелов" Русе Регионална библиотека "Любен Каравелов" Русе Заемна - подръчен фонд 2003-10-23 Заемна - подръчен фонд 8.00 120000679352 П 869.0-31/К 73 120000679352 1 4.09 Дост: Pk Вид: Ф N: 32 Дата: 22.10.2003 Книги
Изтеглен Не е изгубен Universal Decimal Classification Не е повреден без рестрикции заемане за дома 166895 Регионална библиотека "Любен Каравелов" Русе Регионална библиотека "Любен Каравелов" Русе Заемна - подръчен фонд 2003-10-23 Заемна - подръчен фонд 8.00 120000679353 П 869.0-31/К 73 120000679353 2 4.09 Дост: Pk Вид: Ф N: 32 Дата: 22.10.2003 Дата инв: 09.02.2018 Бележки инв: П2018 Книги
Изтеглен Не е изгубен Universal Decimal Classification Не е повреден без рестрикции заемане за дома 166896 Регионална библиотека "Любен Каравелов" Русе Регионална библиотека "Любен Каравелов" Русе Заемна - подръчен фонд 2003-10-23 Заемна - подръчен фонд 8.00 120000679354 П 869.0-31/К 73 120000679354 3 4.09 Дост: Pk Вид: Ф N: 32 Дата: 22.10.2003 Дата инв: 09.02.2018 Бележки инв: П2018 Книги
  Не е изгубен   Не е повреден без рестрикции ползва се в читалня 166897 Регионална библиотека "Любен Каравелов" Русе Регионална библиотека "Любен Каравелов" Русе Хранилище 2004-10-27 Хранилище 8.00 120000689609 Цб 216425 120000689609 4 4.09 Дост: Dp Вид: Д N: 2 Дата: 16.12.2003 Книги
  Не е изгубен Universal Decimal Classification Не е повреден без рестрикции заемане за дома 166898 Регионална библиотека "Любен Каравелов" Русе Регионална библиотека "Любен Каравелов" Русе Заемна - подръчен фонд 2011-07-21 Заемна - подръчен фонд 8.00 120000752241 821-31/К 73 П 120000752241 5 4.09 Дост: DA Вид: А N: 12 Дата: 21.07.2011 Дата инв: 09.02.2018 Бележки инв: П2018 Книги
Изтеглен Не е изгубен Universal Decimal Classification Не е повреден без рестрикции заемане за дома 166899 Регионална библиотека "Любен Каравелов" Русе Регионална библиотека "Любен Каравелов" Русе Заемна - подръчен фонд 2011-11-30 Заемна - подръчен фонд 8.00 120000754624 П 869.0-31/К 73 120000754624 6 4.09 Дост: Ak Вид: Г N: 21 Дата: 30.11.2011 Книги
Изтеглен Не е изгубен Universal Decimal Classification Не е повреден без рестрикции заемане за дома 166900 Регионална библиотека "Любен Каравелов" Русе Регионална библиотека "Любен Каравелов" Русе Заемна - подръчен фонд 2013-03-01 Заемна - подръчен фонд 8.00 120000764567 П 869.0-31/К 73 120000764567 7 4.09 Дост: DA Вид: А N: 3 Дата: 01.03.2013 Книги
Vip Innovations Ltd, Rousse, Bulgaria 2025